| 000 | 01026nam0a22002531 4500 | ||
|---|---|---|---|
| 001 | rc\3429917 | ||
| 005 | 20250609234009.0 | ||
| 035 | _a(NLR Aleph) 007562091 | ||
| 090 |
_a5312867 _c5312867 |
||
| 100 | _a20130115d1970 |||y0rusy50 ca | ||
| 101 | 0 | _arus | |
| 102 | _aRU | ||
| 105 | _aa z ||||| | ||
| 200 | 1 |
_aГрузинские народные новеллы _eПер с груз. _f[Сост., предисл. и примеч. проф. А. Глонти _gИл. худож. З. Порчхидзе] _gАкад. наук Груз. ССР Ин-т истории груз. литературы им. Шота Руставели |
|
| 210 |
_aТбилиси _cМерани _d1970 |
||
| 215 |
_a359 с., 14 л. ил. _d21 |
||
| 225 | 1 | _aСокровища грузинского народного творчества | |
| 702 | 1 |
_aПорчхидзе _bЗ. _4440 |
|
| 702 | 1 |
_aГлонти _bА. _4220 _4080 _4212 |
|
| 801 | 0 |
_aRU _bNLR _gpsbo |
|
| 801 | 1 |
_aRU _bELAR _2rusmarc |
|
| 852 |
_aNLR _j69-3/11311 |
||
| 942 | _cBOOK | ||
| 980 | _aNB | ||